02422nam a2200373 i 4500001001000000003000900010005001700019007000300036008004100039040003000080041000800110082002700118100004400145245011900189260004800308300002700356336002700383337003300410338002800443500006400471505035900535520043000894590002701324600006701351650008101418651006501499910001101564942001401575952010001589952009401689952010001783952014801883999001702031000020757DO-SdBNP20260515191621.0ta100813n201? dr gr 001 0dspa d aDO-SdBNPbspacBNPHUerda aspa 4a972.9304092bM385a2231 aMartínez, Mamerto9435154aut.eautor10a"Andando por la verdad, se llega a la libertad" :bJuan Pablo Duarte, en el mundo espiritual /cMamerto Martínez aSanto Domingo :bMedina & Asociado,c[2015] a173 páginas ;c24 cm atextobtxt2rdacontent asin mediaciónbn2rdamedia avolumenbnc2rdacarrier aIncluye datos biográficos del autor en la contracubierta. aPrefacio -- Introducción -- La biblia en nuestra bandera-- Juan Pablo Duarte , un elegido para la historia -- En la Ruta hacia la libertad -- Y se encontro con el Dios de la biblia -- Viajando atravéz de la biblia -- Entre vientos huracanados -- Ovejas y lobos -- Con Dios en el corazón y con la biblia en la mano -- Tomemos el camino de la verdad. aEn el transcurso de esta obra el autor nos lleva de la mano por caminos no conocidos ni planteados por historidadores sobre los verdaderos origenes de la gesta independentista dominicana; la fe en el Dios todopoderoso del gestor del proyecto (Duarte), y el plan de Dios de implantar Quisqueya un altar que contrarrestara las fuerzas demoníacas traídas de las tierras africanas y que aún hoy ejercen fuertes influencias. aInventariado 2023 / MF10aDuarte, Juan Pablo, d1813-187691494xPensamiento religioso 7aIdentidad nacional 2Lemb92163xAspectos religiososzRepública Dominicana aRepública DominicanaxHistoriavAspectos religiosos989612 aMFeliz 2ddccLBS1 00102ddc56708DSaBNPHUbBNPHUcHDd2017-05-02p20757-30r2020-06-25te. 3w2020-06-25yLBS1 00102ddc51708PDaBNPHUbBNPHUcHDd2017-05-02p20757-10r2020-06-25w2020-06-25yLBS1 00102ddc51708PDaBNPHUbBNPHUcHDd2017-05-02p20757-20r2020-06-25te. 2w2020-06-25yLBS1 00102ddc56708DSaBNPHUbBNPHUcCTd2022-02-09eDonado por Víctor Hugol0o972.9304092 M385ap2023-0381r2023-01-24te.4w2023-01-24yLBS1 c20261d20261